00786nam a2200229Ia 4500003000900000008004100009020001800050040001600068080002200084245008600106260004200192300001400234650004100248650001400289650003400303650001900337700002800356700003000384942000700414999001500421952012000436IN-BaIIA211028s9999 xx 000 0 eng d a90-277-0895-9 cIIA Library a082.2:52bIAU-S79 4aThe large scale structure of the universecedited by M.S. Longair and J. Einasto. aDordrechtbD. Reidel Publishingc1978 axx, 464p. aAstronomy and Astrophysics Thesaurus aCosmology aLarge scale s tructure910760 aUniverse91987 aEinasto, J., ed.910761 aLongair, M. S., ed.98430 cBK c6263d6263 00104070aBANbBANcGENd1979-06-27g22.00l0o082.2:52/ IAU-S79p6980r2021-11-05v22.00w1979-06-27yBKGRs. 22